000 00451cam a22001457a 4500
008 180718b1996 xxu||||| |||| 00| 0 eng d
082 _aAPPPA 95-96 RIZ
100 _aRizvi, S.M.Z.
245 _aRapid action forece, structural and functional dimension
_cby S.M.Z. Rizvi
260 _aNew Delhi
_bIndian Institute of Public Administration
_c1996
300 _a89p.
650 _aAPPPA
650 _aOrdance, Rapid-fire
650 _aIndia - Armed Force
999 _c481488
_d481488